00936naa a22002417a 4500001001000000003000900010005001700019007000300036008003400039040005400073041000900127072000800136100001700144111009000161245009000251260003900341500012600380650001800506650001900524650001500543650001300558773012300571BR7907889BR-BrBNA20240918174517.0ta230509b bl.||||| |||| 00| 0 por d aBR-BrBNAbporcBiblioteca Nacional de Agricultura a(Pt) aP051 aGoldfarb, J.1 a2. Congresso Latino-Americano de Energia SolarcJoao Pessoa, PB (Brazil)d13 Feb 19781 aCentral eolico-solar para producao de hidrogenio (100 kwe eolicos + 100 kwth solares)3 aJoao Pessoa, PB (Brasil): c1979.  aAtas do 2. Congresso Latino-Americano de Energia Solar Joao Pessoa, PB (Brasil): 1979. v. 3 p. 801-812 (BR7907889-AM)P05  aENERGIA SOLAR aENERGIA EOLICA aHIDROGENIO aPRODUCAO0 tAtas do 2. Congresso Latino-Americano de Energia SolarwP05 BR7907889gJoao Pessoa, PB (Brasil), 1979. v. 3 p. 801-812